000 01723nam a2200301 a 4500
001 ASIN1935049151
005 20170105102856.0
008 130905s2009 xxu eng d
020 _a1935049151 (hardcover)
_c$65.00
020 _a9781935049159 (hardcover)
040 _a0
050 0 4 _aDS79.764.K6
082 0 4 _a956.704432
100 1 _aBaltrusaitis, Daniel F.
245 1 0 _aCoalition politics and the iraq war :
_bdeterminants of choice /
_cDaniel F. Baltrusaitis.
260 _a[S.l.] :
_bLynne Rienner Publishers,
_c2009.
300 _a259 p. ;
_c24 cm.
520 _aJohn Cameron draws on power-based approaches to the study of democratization as he thoughtfully explores efforts by indigenous and peasant groups to gain control of local governments and deepen democracy in Bolivia, Ecuador, and Peru. Cameron addresses three fundamental questions: What factors best explain the success or failure of local political movements in the Andes? What forms of democracy are emerging in indigenous- and peasant-controlled municipalities? What are the impacts of municipal democratization on the well-being and political identities of the citizenry? As he elucidates his results, he reminds readers that, in the midst of some of the most exclusionary and elite-dominated systems of local government in Latin America, political struggles for democracy are having a profound impact.
650 0 _aCoalitions
650 0 _aGermany
650 0 _aIraq War (2003-2011)
650 0 _aKorea (South)
650 0 _aMilitary participation--Foreign
650 0 _aPolitical science
650 0 _aTurkey
856 4 0 _3Amazon.com
_uhttp://www.amazon.com/exec/obidos/ASIN/1935049151/chopaconline-20
942 _2ddc
_cBK
999 _c14511
_d14511